LEADER 01535nam0-22003011i-450- 001 990002029950403321 005 20160628084758.0 035 $a000202995 035 $aFED01000202995 035 $a(Aleph)000202995FED01 035 $a000202995 100 $a20030910g19601973km-y0itay50------ba 101 0 $alat 102 $aNL 200 1 $aTrichopterorum catalogus$fby F.C.J. Fischer 210 $aAmsterdam$cNederlandsche entomologische Vereeniging$d1960-1973 215 $a15 v.$d24 cm 327 1 $a1.: Necrotauliidae, Prosepididontidae, Rhyacophilidae$a2.: Philopotamidae, Hydroptilidae, Stenopsychidae$a3.: Polycentropodidae, Psychomydae$a4.: Hydropsychidae, Arctopsychidae$a5.: Phryganeidae, Limnocentropodidae, Molannidae$a6.: Calamoceratidae, Philorheithridae, Odontoceridae: Leptoceridae pars 1$a7.: Leptoceridae pars 2$a8.: Goeridae, Limnephilidae : pars 1 /$a9.: Limnephilidae pars 2$a10.: Limnephilidae pars 3$a11.: Philanisidae, Lepidostomatidae, Brachycentridae et al.$a12.: Supplement to vol. 1. and 2 : Microptysmatidae ...$a13.: Supplement to vol. 3 and 4: Polycentropodidae, Psychomyiidae ...$a14.: Supplement to vol. 5,6,7: Phryganeidae, Plectrotarsidae...$a15.: Supplement to vol. 8,9,10,11: Goeridae, Limnephilidae... 610 0 $aTricotteri 610 0 $aTrichoptera 676 $a595.745 700 1$aFischer,$bF.C.J.$0360376 801 0$aIT$bUNINA$gRICA$2UNIMARC 901 $aBK 912 $a990002029950403321 952 $a61 IV B.7/14$bOpv 1562 (30/5/62)$fDAGEN 959 $aDAGEN 997 $aUNINA LEADER 01468nam a2200325 i 4500 001 991003978979707536 005 20030107144513.0 008 020225s2001- it 0 ita u 020 $a8804478985 035 $ab11891348-39ule_inst 035 $aEXGIL150729$9ExL 040 $aBiblioteca Interfacoltà$bita 082 0 $a294.38 245 03$aLa rivelazione del Buddha 260 0 $aMilano :$bA. Mondadori,$c2001- 300 $av. ;$c18 cm. 440 2$aI Meridiani. Classici dello spirito 505 0 $gV. 1.: I$ttesti antichi / a cura e con un saggio introduttivo di Raniero Gnoli ; traduzioni e commenti di Claudio Cicuzza, Raniero Gnoli e Francesco Sferra. 505 0 $gV. 2.: Il$tGrande veicolo / a cura e con un saggio di Raniero Gnoli ; introduzione ai testi tradotti di Claudio Cicuzza e Francesco Sferra ; con contributi di Mauro Maggi e Cristina Pecchia. - c2004.$g- CCLI, 1728 p. 650 4$aBuddismo 700 1 $aCicuzza, Claudio 700 1 $aSferra, Francesco 700 1 $aGnoli, Raniero 907 $a.b11891348$b02-04-14$c07-01-03 912 $a991003978979707536 945 $aLE002 Coll. 9,3. 3/I-$g1$i2002000017673$lle002$o-$pE0.00$q-$rn$so $t0$u0$v0$w0$x0$y.i12148854$z07-01-03 945 $aLE002 Coll. 9,3. 3/II$cV. 2$g1$i2002000455543$lle002$op$pE49.00$q-$rn$so $t0$u0$v0$w0$x0$y.i14064650$z11-05-05 996 $aRivelazione del Buddha$9902499 997 $aUNISALENTO 998 $ale002$b01-01-02$cm$da $e-$fita$git $h3$i1